00584nam a2200157 a 450000100100000000500170001000800410002704000250006808200150009310000250010824501330013326000360026630000200030250000730032250400310039500001711820200929165028.0100317s1990 dr 000 0 spa d aDO-SdBNPbspacBNPHU axxxbH519f1 aHenríquez, Eusebio10aFactores culturales, sociales y económicos farmacodependencia y narcotrafico en República Dominicana /cEusebio Henríquez. aSanto Domingo :bTaller,c1990. a93 p. ;c22 cm. aIncluye referencias bibliográficas y notas al pie de las páginas aBibliografías : p. 91-93